Gerhard Altenbourg : Landschaften 1947 - 1985

Salvato in:
Dettagli Bibliografici
Natura: Libro
Lingua:tedesco
Pubblicazione: Koln : Orangerie, 1987
Soggetti:
Tags: Aggiungi Tag
Nessun Tag, puoi essere il primo ad aggiungerne!!

MARC

LEADER 00000nam a22000003a 4500
001 stu10751
005 20150408175413.8
008 941020s1987----gw------------------ger-d
040 |a STU  |b slo 
041 0 |a ger 
044 |a gw 
245 |a Gerhard Altenbourg :  |b Landschaften 1947 - 1985 
260 |a Koln :  |b Orangerie,  |c 1987 
300 |a 34 s 
650 7 |a umenie výtvarné  |2 stusub 
650 7 |a výtvarníci zahraniční  |2 stusub 
996 |b 284AU01207  |c A*432 U  |l AAKNAR  |s A  |a 24  |w stu10751_0001